Marketing realitnej kancelárie diplomová práca

Salvato in:
Dettagli Bibliografici
Autore principale: Rážová, Milena
Ente Autore: Obchodná fakulta EU. Katedra marketingu
Altri autori: Hasprová, Mária, 1970-
Natura: Libro
Lingua:slovacco
Pubblicazione: Bratislava 2012
Tags: Aggiungi Tag
Nessun Tag, puoi essere il primo ad aggiungerne!!

MARC

LEADER 00000nbm a2200000 4500
001 0159033
005 20161109102224.8
041 0 |a slo 
044 |a SK 
245 1 0 |a Marketing realitnej kancelárie  |b diplomová práca  |c Milena Rážová ; školiteľ: Mária Hasprová 
264 1 |a Bratislava  |c 2012 
300 |a 76 s. 
100 1 |a Rážová, Milena 
700 1 |a Hasprová, Mária, 1970- 
710 2 |a Obchodná fakulta EU. Katedra marketingu